| 000 | 00858cam a2200241 4500 | ||
|---|---|---|---|
| 001 | ABS67281 | ||
| 008 | 031128n2003 000 0 eng u | ||
| 035 | _a(Sirsi) u124514 | ||
| 100 | _aMcConnell, T. | ||
| 245 | _aHeir supply | ||
| 260 | _c2003 | ||
| 490 |
_aProperty Week _v68(41) 17 October 2003, 40-43(4) |
||
| 520 | _aReports on the leading property experts of the future and outlines interviews with some current senior figures at top agency firms about succession planning and the disappearance of company loyalty. Lists a table of the top people in UK agency. | ||
| 590 | _aABS | ||
| 650 | _aSUCCESSION PLANNING | ||
| 650 | _aLEAGUE TABLES | ||
| 650 | _aAGENCY MARKET | ||
| 650 | _aSTAFF RETENTION | ||
| 650 | _aJOB MOBILITY | ||
| 690 | _aMANAGEMENT-BUSINESS MANAGEMENT-PROFESSIONAL PRACTICE | ||
| 700 | _aWilliams, C. | ||
| 942 | _n0 | ||
| 999 |
_c73891 _d73891 |
||